Lubochňa

Bibliographic Details
Format: Image
Language:Slovak
Published: [Slovensko?] [vydavateľ neznámy] [medzi 1905 a 1973?]
Subjects:

MARC

LEADER 00000nkm a2200000 a 4500
001 vtls001329575
003 SK-MaSNL
005 20260301005654.0
008 200623q1905 xo g 0k|slo
035 |a SNK000282424 
040 |a SNK  |b slo  |c SNK  |e AACR2 
041 0 |a slo 
043 |a e-xo--- 
044 |a xo  |c SK 
072 7 |a 913  |x Regionálna geografia  |2 konspekt 
080 |a 913(437.6)  |2 2011 
080 |a (084.121)  |2 2011 
245 0 0 |a Lubochňa  |h grafika 
260 |a [Slovensko?]  |b [vydavateľ neznámy]  |c [medzi 1905 a 1973?] 
651 7 |a Ľubochňa (Slovensko)  |2 SNKPHgeo  |9 82539 
655 7 |a miestne pohľadnice  |2 SNKPH  |9 70510 
958 |a OND 
958 |a GBN 
958 |a GC 
999 |c 545889  |d 547819 
952 |t P60, <03>, [BOOK], {603}  |a SNK  |b SNK  |y PREZ  |7 0  |p 17A0136286  |o snkSP 40420  |0 0  |1 0  |4 0  |d 1998-04-29  |l 0  |r 2005-01-02 00:00:00  |w 2026-02-23